Normal view MARC view

Entry Personal Name

Number of records used in: 1

001 - CONTROL NUMBER

  • control field: 47511

003 - CONTROL NUMBER IDENTIFIER

  • control field: OSt

005 - DATE AND TIME OF LATEST TRANSACTION

  • control field: 20240906122212.0

008 - FIXED-LENGTH DATA ELEMENTS

  • fixed length control field: 240906|| aca||aabn | a|a d

040 ## - CATALOGING SOURCE

  • Original cataloging agency: OSt
  • Transcribing agency: OSt

100 ## - HEADING--PERSONAL NAME

  • Personal name: Hsiao, Y., Leverso, J. and Papachristos, A.V.

670 ## - SOURCE DATA FOUND

  • Source citation: Work cat.: (OSt)524612: Hsiao, Y., Leverso, J. and Papachristos, A.V. , The corner, the crew, and the digital street: Multiplex networks of gang online-offline conflict dynamics in the digital age

Powered by Koha